| 000 | 00590nam a2200169 a 4500 | ||
|---|---|---|---|
| 001 | 000035224 | ||
| 005 | 20200930074204.0 | ||
| 008 | 111026s1967 ag 000 0 spa d | ||
| 040 |
_aDO-SdBNP _bspa _cBNPHU |
||
| 082 |
_axxxx _bxxxx |
||
| 100 | 1 |
_aGoldmann, Lucien _913403 |
|
| 245 | 1 | 0 |
_aIntroducción a la filosofía de Kant / _cLucien Goldmann. |
| 260 |
_aBuenos Aires, : _bAmorrortu, _c1967. |
||
| 300 |
_a235 p. ; _c20 cm. |
||
| 504 | _aIncluye referencias bibliográficas y notas al pie de las páginas | ||
| 590 | _aPerteneció a la biblioteca personal de Juan Isidro Jimenes Grullón. | ||
| 999 |
_c34715 _d34715 |
||